[Event "Kremennaya Gerasimov Memorial"]
[Site "Kremennaya"]
[Date "2017.04.19"]
[Round "7"]
[White "Laznik, Sergey V"]
[Black "Strebkovs, Andrejs"]
[Result "0-1"]
[WhiteElo "2056"]
[BlackElo "2325"]
[PlyCount "120"]
[EventDate "2017.04.13"]
[EventType "tourn"]
[EventRounds "9"]
[EventCountry "UKR"]
[EventCategory "2"]
[SourceTitle "CBM 177 Extra"]
[Source "ChessBase"]
[SourceDate "2017.04.27"]
[SourceVersion "1"]
[SourceVersionDate "2017.04.27"]
[SourceQuality "1"]

1. e4 e6 2. b3 c5 3. Nf3 Nc6 4. Bb2 d6 5. Bb5 Bd7 6. 0-0 Nf6 7. Re1 Be7 8. d4 cxd4 9. Nxd4 0-0 10. a4 a6 11. Nxc6 Bxc6 12. Bxc6 bxc6 13. Nd2 d5 14. Re3 Re8 15. e5 Nd7 16. Qe2 Qc7 17. Re1 c5 18. Rg3 g6 19. h3 a5 20. Ba3 Rac8 21. Nf3 Bf8 22. h4 h5 23. Ng5 Bg7 24. Bb2 Qb8 25. Nxf7 Kxf7 26. Qf3+ Kg8 27. Rxg6 Nf8 28. Rg5 Re7 29. Qxh5 Qb4 30. Re2 Rf7 31. Rg3 Rf5 32. Qh6 Rc7 33. Bc1 c4 34. Bd2 Qc5 35. Ree3 Rcf7 36. Rg4 Rxf2 37. Rxg7+ Rxg7 38. Kxf2 Qd4 39. Bc3 Qg4 40. Qxg7+ Qxg7 41. Rg3 Ng6 42. h5 Qf8+ 43. Ke1 Qf4 44. Rxg6+ Kh7 45. Bd2 Qh4+ 46. Kf1 Qh1+ 47. Kf2 Qd1 48. Rh6+ Kg7 49. Rg6+ Kf7 50. Rf6+ Ke7 51. Bg5 Qxh5 52. Rg6+ Kd7 53. Rg7+ Kc6 54. bxc4 dxc4 55. c3 Qg4 56. Rg8 Qf5+ 57. Kg1 Qxe5 58. Bd2 Qe2 59. Rd8 Kc7 60. Rd4 e5 0-1

[Event "Kremennaya Gerasimov Memorial"]
[Site "Kremennaya"]
[Date "2017.04.18"]
[Round "6"]
[White "Gutsko, Nikolai"]
[Black "Laznik, Sergey V"]
[Result "1/2-1/2"]
[WhiteElo "2165"]
[BlackElo "2056"]
[PlyCount "44"]
[EventDate "2017.04.13"]
[EventType "tourn"]
[EventRounds "9"]
[EventCountry "UKR"]
[EventCategory "2"]
[SourceTitle "CBM 177 Extra"]
[Source "ChessBase"]
[SourceDate "2017.04.27"]
[SourceVersion "1"]
[SourceVersionDate "2017.04.27"]
[SourceQuality "1"]

1. d4 Nf6 2. c4 e6 3. Nc3 Bb4 4. f3 d5 5. a3 Bxc3+ 6. bxc3 c5 7. cxd5 Nxd5 8. dxc5 Qa5 9. e4 Ne7 10. Be3 0-0 11. Qb3 Qc7 12. Bb5 Nec6 13. Rd1 e5 14. Ne2 Be6 15. Qb2 Na5 16. Nc1 a6 17. Be2 Nd7 18. Qb4 Nc6 19. Qb1 Na5 20. Qb4 Nc6 21. Qb1 Na5 22. Qb4 Nc6 1/2-1/2